[Event "CRO-ch U13"]
[Site "Trogir"]
[Date "2022.06.26"]
[Round "8"]
[White "Gasparovic, Roko"]
[Black "Puljiz, Marin"]
[Result "1-0"]
[WhiteElo "1696"]
[BlackElo "1296"]
[PlyCount "45"]
[EventDate "2022.06.22"]
[EventType "swiss"]
[EventRounds "9"]
[EventCountry "CRO"]
[SourceTitle "CBM 209 Extra"]
[Source "ChessBase"]
[SourceDate "2022.09.30"]
[SourceVersion "1"]
[SourceVersionDate "2022.09.30"]
[SourceQuality "1"]

1. e4 c5 2. Nf3 d6 3. d4 cxd4 4. Nxd4 Nf6 5. Nc3 Nc6 6. f3 e5 7. Nb3 Be7 8. Be3 0-0 9. Qd2 Qc7 10. 0-0-0 Be6 11. g4 Rfd8 12. Nd5 Qd7 13. h4 Ne8 14. g5 Bf8 15. h5 g6 16. Nf6+ Nxf6 17. gxf6 Kh8 18. Bh6 Rac8 19. Bxf8 Rxf8 20. Qh6 Rg8 21. Nc5 Nb4 22. Nxd7 Bxa2 23. c3 1-0

[Event "CRO-ch U13"]
[Site "Trogir"]
[Date "2022.06.24"]
[Round "4"]
[White "Puljiz, Marin"]
[Black "Miletic, Ivan1"]
[Result "1-0"]
[WhiteElo "1296"]
[BlackElo "1355"]
[PlyCount "65"]
[EventDate "2022.06.22"]
[EventType "swiss"]
[EventRounds "9"]
[EventCountry "CRO"]
[SourceTitle "CBM 209 Extra"]
[Source "ChessBase"]
[SourceDate "2022.09.30"]
[SourceVersion "1"]
[SourceVersionDate "2022.09.30"]
[SourceQuality "1"]

1. e4 c5 2. Nf3 Nc6 3. d4 cxd4 4. Nxd4 e5 5. Nf3 d6 6. h3 Nf6 7. Nc3 Be7 8. Bg5 Be6 9. Qd2 0-0 10. 0-0-0 a5 11. Bb5 Qc7 12. Kb1 Rfd8 13. a3 Na7 14. Ba4 b5 15. Bxf6 Bxf6 16. Bxb5 Nxb5 17. Nxb5 Qb6 18. a4 Be7 19. Qe2 Rdc8 20. b3 Bd7 21. Rhf1 Rc5 22. Rd5 Bxb5 23. axb5 a4 24. b4 Rxd5 25. exd5 a3 26. Ka2 f5 27. Qc4 e4 28. Nd4 Bf6 29. Nc6 e3 30. f3 Rc8 31. Re1 e2 32. Qxe2 Rxc6 33. Qe6+ 1-0